| 000 | 00000nam##2200000za#4500 |
| 001 | 9.531240 |
| 003 | CaOODSP |
| 005 | 20210615083051 |
| 007 | ta |
| 008 | 150406|1998||||xxc||||| f|0| 0 eng|d |
| 020 | |a0-662-63796-8 |
| 040 | |aCaOODSP|beng |
| 041 | |aeng |
| 041 | |afre |
| 043 | |an-cn--- |
| 086 | 1 |aC21-27/2-1998-2 |
| 110 | 1 |aCanada. |bIndustry Canada. |
| 245 | 10|aLooking to the 21st century: infrastructure investments for economic growth and for the welfare and well-being of Canadians / |cby Christian DeBresson and Stéphanie Barker. |
| 260 | |aOttawa - Ontario : |bIndustry Canada |c1998. |
| 300 | |aEnglish text, 86p. : |bgraphs, references, tables ; |c23 cm. |
| 490 | 1 |aCanada in the XXIst century. II, Resources and technology|vNo. 6 |
| 546 | |aBilingual |
| 563 | |aSoftcover |
| 590 | |a99-43|b1999-10-29 |
| 690 | 07|aEconomic development|2gcpds |
| 690 | 07|aInvestments|2gcpds |
| 720 | 1 |aDeBresson, Christian |
| 720 | 1 |aBarker, Stéphanie |
| 776 | 0#|tLooking to the 21st century : |w(CaOODSP)9.571952 |
| 776 | 0#|tVisualiser le 21e siècle : |w(CaOODSP)9.602372 |
| 792 | |tVisualiser le 21e siècle: investissements en infrastructure pour la croissance économique, le bien-être et le mieux-être des Canadiens / |efre|w(CaOODSP)9.531241 |
| 830 | #0|aCanada in the XXIst century. II, Resources and technology ;|vNo. 6|w(CaOODSP)9.509064 |